1241 1721 1009 1029 1111 1775 1515 1253 1158 1283 1835 1693 1108 1023 1040 1794 1089 1753 1824 1387 1071 1590 1679 1765 1654 1798 1055 1287 1042 1297 1638 1364 1605 1827 1900 1363 1377 1557 1797 1893 1370 1940 1180 1589 1537 1304 1977 1902 1786 1009 1943 1656 1326 1376 1535 1574 1959 1331 1740 1361 1807 1451 1334 1365 1081 1804 1748 1344 1672 1197 1989 1113 1285 1085 1365 1302 1111 1956 1105 1565 1696 1211 1828 1518 1275 1708 1487 1210 1266 1798 1743 1805 1853 1300 1081 1144 1233 1220 1911 BCNSPRNW ULIB Ver.6.0+V

เปลี่ยนเป็นภาษาไทย

Change to English
 แสดงรายละเอียดบรรณานุกรม
  กลับหน้าหลัก

Brief Record : Get Marc (ISO 2709) : E-mail record : QR code < ปิดหน้าต่าง
LEADER : 00000nam 2200000uu 4500
001    13399114501
003     ULIB
008    120410s||||||||th 000 0 tha d
020    6167007106
100 0  เฟื่องฝน
245 00 บันทึกเฮฮา คุณหนูพยาบาลจอมจุ้น
945    ^p165^l0^i026862
999 ^a ใช้งานได้ทุกระบบ
รายการนี้ยังไม่มีแท็ก
คุณยังไม่ได้ล็อกอิน คุณสามารถมีกิจกรรมร่วมกับเว็บไซต์ได้ แต่ต้องล็อกอินก่อน ::
  ล็อกอิน

รายการสื่อสารสนเทศ

ลำดับที่ ประเภท เลขเรียก/บาร์โค้ด สถานที่ สถานะ
- ไม่พบข้อมูล -

รายการใกล้เคียง
    ผู้แต่ง [เฟื่องฝน]

BibComment


ยังไม่เคยถูกคอมเมนท์

คอมเมนท์ทรัพยากรรายการนี้
  คอมเมนท์: บันทึกเฮฮา คุณหนู..


 Copyright 2026. Bcnsprnw @Library